[Event "RUS-chB U16"]
[Site "Dagomys"]
[Date "2009.04.23"]
[Round "9"]
[White "Obogoev, Boris"]
[Black "Danielian, Levon"]
[Result "0-1"]
[WhiteElo "1892"]
[BlackElo "1883"]
[PlyCount "114"]
[EventDate "2009.04.15"]
[EventType "swiss"]
[EventRounds "9"]
[EventCountry "RUS"]
[SourceTitle "EXT 2010"]
[Source "ChessBase"]
[SourceDate "2010.11.25"]
[SourceVersion "1"]
[SourceVersionDate "2010.11.25"]
[SourceQuality "1"]

1. d4 d5 2. c4 Nc6 3. Nc3 dxc4 4. e3 Nf6 5. Bxc4 e6 6. Nf3 Bb4 7. 0-0 0-0 8. a3 Bd6 9. e4 e5 10. Bg5 Bg4 11. dxe5 Nxe5 12. Be2 h6 13. Bh4 Ng6 14. e5 Nxh4 15. Nxh4 Bxe2 16. Qxe2 Re8 17. f4 Bc5+ 18. Kh1 Nd5 19. Nf5 Ne7 20. Nxh6+ gxh6 21. Qg4+ Kh8 22. Qh5 Ng8 23. Qxf7 Rf8 24. Qh5 Qe8 25. Qg4 Rd8 26. Rae1 Bd4 27. Ne4 Bxb2 28. Nc5 Rf7 29. Ne6 Rd5 30. Qh3 Bxe5 31. fxe5 Rxe5 32. Qg3 Rxf1+ 33. Rxf1 Rxe6 34. Qc3+ Kh7 35. Qxc7+ Re7 36. Qc2+ Qg6 37. Qc5 Rg7 38. Qd5 Nf6 39. Qf3 Ne4 40. Re1 Rf7 41. Qe3 Rf2 42. g3 Nxg3+ 43. Qxg3 Qxg3 44. hxg3 Kg6 45. Re7 Rb2 46. a4 a5 47. Re4 b6 48. Re7 h5 49. Kg1 Kg5 50. Rg7+ Kf5 51. Kh1 Ra2 52. Rb7 Kg4 53. Rg7+ Kh3 54. Kg1 Rxa4 55. Kf2 h4 56. Kf3 Ra3+ 57. Kf4 Rxg3 0-1

[Event "RUS-chB U16"]
[Site "Dagomys"]
[Date "2009.04.20"]
[Round "6"]
[White "Andreev, Petr"]
[Black "Danielian, Levon"]
[Result "0-1"]
[WhiteElo "2022"]
[BlackElo "1883"]
[PlyCount "66"]
[EventDate "2009.04.15"]
[EventType "swiss"]
[EventRounds "9"]
[EventCountry "RUS"]
[SourceTitle "EXT 2012"]
[Source "ChessBase"]
[SourceDate "2011.11.24"]
[SourceVersion "1"]
[SourceVersionDate "2011.11.24"]
[SourceQuality "1"]

1. e4 c5 2. d3 Nc6 3. g3 g6 4. Bg2 Bg7 5. Nf3 e6 6. 0-0 Nge7 7. Nbd2 0-0 8. Re1 d6 9. a4 Qc7 10. Nc4 Rb8 11. c3 e5 12. a5 Be6 13. Qa4 b5 14. axb6 axb6 15. Na3 Ra8 16. Qc2 h6 17. Bd2 d5 18. Nb5 Qd7 19. exd5 Nxd5 20. Rxa8 Rxa8 21. Na3 Rd8 22. Nc4 Qc7 23. h3 Nde7 24. Be3 f5 25. Qe2 Bxc4 26. dxc4 e4 27. Nd2 Ne5 28. f3 Nd3 29. Rf1 Nxb2 30. fxe4 Qxg3 31. exf5 Nxf5 32. Rxf5 gxf5 33. Nf1 Rd1 0-1